000 00781nam a2200205Ii 4500
003 JO-AjNU
008 230605s9999||||xx |||||||||||||| ||und||
040 _aJO-AjNU
_bara
_erda
_cJO-AjNU
041 _aara
050 1 4 _aBP130.1.N59.2006
100 3 _aنزال،عمران سميح,
_eauthor
_920031
245 0 0 _aالوحدة التاريخية للسور القرآنية :التفسير التاريخي لسورة الأحزاب نموذجاً
250 _aط1
264 3 1 _aدمشق-عمان:دار قتيبة للنشر والتوزيع ، دار القراء للنشر ،2006
300 _a271ص
336 _atext
_btxt
_2rdacontent
337 _aunmediated
_bn
_2rdamedia
338 _avolume
_bnc
_2rdacarrier
650 4 _aالقرآن الكريم-نزول
_920032
999 _aA6718
_c10286
_d10286